هدية العارفين اسماء المؤلفين واثار المصنفين / (Record no. 59307)
[ view plain ]
| 000 -الفاتح | |
|---|---|
| حقل البيانات ثابتة الطول | 00737nam a2200217Ia 4500 |
| 008 - عناصر البيانات ثابتة الطول - معلومات عامة | |
| حقل البيانات ثابتة الطول | 140319s9999 xx 000 0 ara d |
| 040 ## - مصدر الفهرسة | |
| وكالة الفهرسة الأصلية | GCL / |
| وكالة النسخ | GCL |
| 082 04 - رقم تصنيف ديوى العشرى | |
| رقم التصنيف | 013.03 |
| رقم المادة | ا هـ |
| 100 1# - المدخل الرئيسى - إسم شخصى | |
| الإسم الشخصى | اسماعيل البغدادى |
| 245 10 - بيان العنوان | |
| العنوان | هدية العارفين اسماء المؤلفين واثار المصنفين / |
| بيان المسئوليه,etc | اسماعيل البغدادى |
| 260 ## - PUBLICATION, DISTRIBUTION, ETC. (IMPRINT) | |
| تاريخ النشر أو التوزيع | 1955 |
| 300 ## - الوصف المادى | |
| التعداد | متعدد ؛ |
| أبعاد الوعاء | 32 سم |
| 650 04 - المدخل الاضافى بالموضوع-مصطلح موضوعى | |
| مصطلح موضوعي | الكتب |
| 650 04 - المدخل الاضافى بالموضوع-مصطلح موضوعى | |
| مصطلح موضوعي | المؤلفون |
| 650 04 - المدخل الاضافى بالموضوع-مصطلح موضوعى | |
| مصطلح موضوعي | الببليوجرافيات |
| 650 04 - المدخل الاضافى بالموضوع-مصطلح موضوعى | |
| مصطلح موضوعي | الببليوجرافيا |
| 650 04 - المدخل الاضافى بالموضوع-مصطلح موضوعى | |
| مصطلح موضوعي | المؤلفون العرب |
| 650 04 - المدخل الاضافى بالموضوع-مصطلح موضوعى | |
| مصطلح موضوعي | المصنفون |
| 942 ## - عناصر المدخل الإضافي( كوها) | |
| مصدر التصنيف او مخطط الترفيف | Dewey Decimal Classification |
| Koha [default] item type | كتاب |
| 260 ## - PUBLICATION, DISTRIBUTION, ETC. (IMPRINT) | |
| -- | تركيا : |
| -- | وكالة المعارف الجليلة ، |
| حالة التراجع | حالة الفقد | حالة تلف | ليس للاعارة | المكان المؤقت | الموقع الحالى | تاريخ الاكتساب | اجمالي اﻻعارات | رقم الطلب | الباركود | تاريخ اخر مشاهدة | تاريخ تفعيل السعر | نوع وعاء كوها | مصدر التصنيف او خطة الترفيف | موقع الترفيف |
|---|---|---|---|---|---|---|---|---|---|---|---|---|---|---|
| مكتبة القاهرة الكبرى | مكتبة القاهرة الكبرى | 03/26/2014 | 013.03\ا هـ | 154076 | 03/26/2014 | 03/26/2014 | كتاب | |||||||
| مكتبة القاهرة الكبرى | مكتبة القاهرة الكبرى | 03/26/2014 | 013.03\ا هـ | 154077 | 03/26/2014 | 03/26/2014 | كتاب | |||||||
| مكتبة القاهرة الكبرى | مكتبة القاهرة الكبرى | 03/26/2014 | 013.03\ا هـ | 154078 | 03/26/2014 | 03/26/2014 | كتاب | |||||||
| مكتبة القاهرة الكبرى | مكتبة القاهرة الكبرى | 03/26/2014 | 013.03\ا هـ | 154079 | 03/26/2014 | 03/26/2014 | كتاب | |||||||
| مكتبة القاهرة الكبرى | مكتبة القاهرة الكبرى | 03/26/2014 | 013.03\ا هـ | 154080 | 03/26/2014 | 03/26/2014 | كتاب | |||||||
| مكتبة القاهرة الكبرى | مكتبة القاهرة الكبرى | 03/26/2014 | 013.03\ا هـ | 154081 | 03/26/2014 | 03/26/2014 | كتاب | |||||||
| مكتبة القاهرة الكبرى | مكتبة القاهرة الكبرى | 03/26/2014 | 013.03\ا هـ | 154082 | 03/26/2014 | 03/26/2014 | كتاب | |||||||
| مكتبة القاهرة الكبرى | مكتبة القاهرة الكبرى | 04/17/2018 | 013.03 ا هـ | 164475 | 04/17/2018 | 04/17/2018 | كتاب | ddc | ||||||
| مكتبة القاهرة الكبرى | مكتبة القاهرة الكبرى | 04/17/2018 | 013.03 ا هـ | 164476 | 04/17/2018 | 04/17/2018 | كتاب | ddc | ||||||
| مكتبة القاهرة الكبرى | مكتبة القاهرة الكبرى | 04/17/2018 | 013.03 ا هـ | 164477 | 04/17/2018 | 04/17/2018 | كتاب | ddc | ||||||
| مكتبة القاهرة الكبرى | مكتبة القاهرة الكبرى | 04/17/2018 | 013.03 ا هـ | 164493 | 04/17/2018 | 04/17/2018 | كتاب | ddc | القاعة الرئيسية | |||||
| مكتبة القاهرة الكبرى | مكتبة القاهرة الكبرى | 04/17/2018 | 013.03 ا هـ | 164494 | 04/17/2018 | 04/17/2018 | كتاب | ddc | القاعة الرئيسية | |||||
| مكتبة القاهرة الكبرى | مكتبة القاهرة الكبرى | 04/17/2018 | 013.03 ا هـ | 164495 | 04/17/2018 | 04/17/2018 | كتاب | ddc |

